banner koha

Santa Evita / (Registro n. 260062)

MARC details
000 -LÍDER
Campo de controle fixo 00589nam a22002297a 4500
001 - NÚMERO DE CONTROLE
Número de controle BS2023000652
003 - CÓDIGO MARC DA AGÊNCIA CATALOGADORA
Campo de controle BR-BrBNA
005 - DATA E HORA DA ÚLTIMA ATUALIZAÇÃO
Campo de controle 20231215135005.0
008 - CAMPO DE TAMANHO FIXO
Campo fixo de controle 231215b bl.||||| |||| 00| 0 por d
020 ## - ISBN - INTERNATIONAL STANDARD BOOK NUMBER
ISBN 85-7479-629-8
040 ## - FONTE DA CATALOGAÇÃO
Agência catalogadora BR-BrBNA
Idioma da catalogação por
041 ## - CÓDIGO DO IDIOMA
Código do Idioma por
072 ## - CATEGORIA DE CLASSIFICAÇÃO
Código da categoria de assunto S91
100 ## - ENTRADA PRINCIPAL - NOME PESSOAL
Código de relação aut.
Nome pessoal Martínez, Tomás Eloy
245 ## - TÍTULO PRINCIPAL
Título principal Santa Evita /
Indicação de responsabilidade Tomás Eloy Martínez
260 ## - IMPRENTA (PUBLICAÇÃO, DISTRIBUIÇÃO, ETC.)
Lugar de publicação, distribuição, etc. São Paulo, SP :
Nome do editor, distribuidor, etc. Planeta De Agostini,
Data de publicação, distribuição, etc 2004.
300 ## - DESCRIÇÃO FÍSICA
Extensão 344 p.
650 ## - ASSUNTO
Cabeçalho tópico ou nome geográfico LITERATURA ARGENTINA
909 ## - IDENTIFICAÇÃO DO CATALOGADOR
Ano e mês da catalogação (aaaamm) 202312
Identificação do catalogador 202312
942 ## - TIPO ESPECÍFICO
Tipo de material Livros
Exemplares
Status de empréstimo Fonte de classificação Status de danificação Não pode ser emprestado Localização permanente Localização atual Total Checkouts Número de chamada Código de barras Date last seen Tipo de material Perdido Data de aquisição Fonte de aquisição Qualificador de localização codificada Preço Número de inventário Preço para reposição Preço efetivo a partir de
  Classificação AGRIS     Biblioteca Nacional de Agricultura - Binagri Biblioteca Nacional de Agricultura - Binagri   S91 BS2023000652 2023-437358 15/12/2023 Livros                

BINAGRI

Telefone: (61)3218-2567/2388/3357/2097 - binagri@agro.gov.br

Ministério da Agricultura e Pecuária , Esplanada dos Ministérios, Bloco D, Anexo B, Brasília/DF, CEP: 70.043-900